书目信息 |
| 题名: |
战后中东四次战争
|
|
| 作者: | 申钟 编著 | |
| 分册: | ||
| 出版信息: | 上海 上海人民出版社 1978 |
|
| 页数: | 247页 | |
| 开本: | 19cm | |
| 丛书名: | ||
| 单 册: | ||
| 中图分类: | K370.05 | |
| 科图分类: | ||
| 主题词: | 中东战争 | |
| 电子资源: | ||
| ISBN: | ||
| 000 | 00600nam0 2200229 45 | |
| 001 | 0178002670 | |
| 005 | 20060801103249.89 | |
| 010 | @dCNY0.55 | |
| 091 | @aCN@b11074.367 | |
| 100 | @a19950725d1978 em y0chiy0121 ea | |
| 101 | 0 | @achi |
| 102 | @aCN@b310000 | |
| 105 | @ay z 000yy | |
| 200 | 10 | @a战后中东四次战争@Azhan hou zhong dong si ci zhan zheng@f申钟编著 |
| 210 | @a上海@c上海人民出版社@d1978 | |
| 215 | @a247页@d19cm | |
| 300 | @a内部发行 | |
| 606 | @a中东战争 | |
| 690 | @aK370.05@v3 | |
| 701 | 0 | @a申钟@Ashen zhong@4编著 |
| 801 | 0 | @aCN@bTSSF@c20060801 |
| 905 | @a10447@dK370.05@e5 | |
| 战后中东四次战争/申钟编著.-上海:上海人民出版社,1978 |
| 247页;19cm |
| 内部发行 |
| ISBN :CNY0.55 |
| ● |
| 相关链接 |
|
|
|
|
正题名:战后中东四次战争
索取号:K370.05/5
 
预约/预借
| 序号 | 登录号 | 条形码 | 馆藏地/架位号 | 状态 | 备注 |
| 1 | 0436171 | 204361715 | 密集书库/ [索取号:K370.05/5] | 在馆 | |
| 2 | 0436172 | 204361724 | 密集书库/ [索取号:K370.05/5] | 在馆 | |
| 3 | 0444074 | 204440747 | 密集书库/ [索取号:K370.05/5] | 在馆 |